000 00947 a2200229 4500
005 20251031144758.0
008 251031b |||||||| |||| 00| 0 eng d
020 _a9789393112637 (hbk)
037 _cTB
040 _aAL
_cAL
041 _2san
_asan
084 _aO15,3NMI,SI R4
_qAL
100 _aमिश्र, निरंजन
_9822169
245 _aसिद्धाश्रम:
260 _aनई दिल्ली, भारत:
_bप्रगतिशील प्रकाशन,
_c2024.
300 _a223पृ.
365 _b899.00
_cINR
650 _aसंस्कृत साहित्य
_9849885
650 _aसंस्कृत कहानी
_9849886
942 _cTB
_2CC
_n0
_hO15,3NMI,SI R4
999 _c1435946
_d1435946